| 000 | 00533nam a2200193Ia 4500 | ||
|---|---|---|---|
| 005 | 20240926071537.0 | ||
| 008 | 240331s9999 xx 000 0 und d | ||
| 020 | _a0674177649 | ||
| 082 |
_bSPI _a801 |
||
| 100 | _aSpivak, G.C | ||
| 245 | 2 |
_aA critique of postcolonial reason : _btoward a history of the vanishing present |
|
| 260 |
_aLondon _bHarvard University press _c1999 |
||
| 300 | _axiii, 449 p ., | ||
| 650 | _aPostcolonialism | ||
| 650 | _aFeminist Criticism | ||
| 650 | _aWomen | ||
| 650 | _a literature | ||
| 942 | _cL | ||
| 999 |
_c3132 _d3132 |
||